| 000 | 00991 a2200205 4500 | ||
|---|---|---|---|
| 999 |
_c4537 _d4537 |
||
| 010 | _aENG-86392-95 | ||
| 020 |
_a8131301192 (set) _c2800.00 (set of 4v.) |
||
| 035 | _aEN-69925-28 | ||
| 037 | _bD.B.Act / Pub | ||
| 082 | 1 | 4 | _a371.2003 |
| 100 | 1 | _aMishra, R.C. | |
| 245 | 1 |
_aEncyclopaedia of educational administration / _cby R.C. Mishra |
|
| 260 |
_aNew Delhi _bA P H Publishing _c2007 |
||
| 270 |
_a5, Ansari Road, Darya Ganj _bNew Delhi _cDelhi _e110002 _k23274050 _maphbooks@vsnl.net |
||
| 300 |
_a4v.(xiii, 295p; xvii, 297 p; xvii,272p; xviii,319p.) _c21 cm. (Hb) |
||
| 500 | _aIncludes bibliographical references,Published in 4 volumes | ||
| 505 | 0 | _a v. 1. Classroom administration (xiii, 295p.); v. 2. School administration and organization (xvii, 297p.); v.3. Theory of education administration (xvii, 272 p.); v.4. History of education administration (xviii, 319 p.). | |
| 650 | 0 |
_aEducation administration _xEncyclopaedia |
|
| 942 |
_adpl _cEN _2ddc _h371.2003 _mMIS |
||